[Event "COL-ch U15"]
[Site "Bogota"]
[Date "2019.12.08"]
[Round "5.7"]
[White "Vanegas, Mateo de Jesus"]
[Black "Campos Perilla, Sergio Felipe"]
[Result "0-1"]
[WhiteElo "1474"]
[BlackElo "1406"]
[PlyCount "68"]
[EventDate "2019.12.06"]
[EventType "swiss"]
[EventRounds "6"]
[EventCountry "COL"]
[SourceTitle "EXT 2024"]
[Source "ChessBase"]
[SourceDate "2023.10.10"]
[SourceVersion "1"]
[SourceVersionDate "2023.10.10"]
[SourceQuality "1"]

1. e4 d5 2. exd5 Qxd5 3. Nc3 Qa5 4. d4 Nf6 5. Bd2 c6 6. Nf3 Bf5 7. Bc4 e6 8. 0-0 Nbd7 9. Re1 Qc7 10. h3 Nb6 11. Bb3 0-0-0 12. Ne2 c5 13. c3 Bd6 14. dxc5 Bxc5 15. Ned4 Be4 16. Ng5 Bxd4 17. cxd4 Rxd4 18. Bxe6+ Kb8 19. Bf4 Qxf4 20. Qxd4 Qxg5 21. Bg4 h5 22. Qd6+ Ka8 23. Rad1 Nc8 24. Qc7 hxg4 25. Rd8 Rxd8 26. Qxd8 Kb8 27. h4 Qf4 28. g3 Qf3 29. Kf1 Bd3+ 30. Kg1 Ne4 31. Qd4 Ncd6 32. Re3 Qxf2+ 33. Kh1 Nxg3+ 34. Rxg3 Qxd4 0-1

[Event "Tunja Boyaca op-B"]
[Site "Tunja"]
[Date "2019.08.01"]
[Round "2"]
[White "Campos Perilla, Sergio Felipe"]
[Black "Pereira Vera, Henry Alberto"]
[Result "0-1"]
[WhiteElo "1324"]
[BlackElo "1790"]
[PlyCount "34"]
[EventDate "2019.07.31"]
[EventType "swiss"]
[EventRounds "9"]
[EventCountry "COL"]
[SourceTitle "EXT 2020"]
[Source "ChessBase"]
[SourceDate "2019.10.17"]
[SourceVersion "1"]
[SourceVersionDate "2019.10.17"]
[SourceQuality "1"]

1. e4 d5 2. exd5 Qxd5 3. Nc3 Qd6 4. d4 c6 5. Nf3 Nf6 6. h3 Bf5 7. Bd3 Bxd3 8. Qxd3 Nbd7 9. 0-0 e6 10. Re1 Qc7 11. Bg5 Bd6 12. Rad1 0-0 13. Re2 Nd5 14. Nxd5 cxd5 15. Bh4 h6 16. Ne5 Nxe5 17. dxe5 Bxe5 0-1

[Event "COL-ch sf3 U16"]
[Site "Moniquira"]
[Date "2019.05.24"]
[Round "3.16"]
[White "Campos Perilla, Sergio Felipe"]
[Black "Rodriguez Rozo, Edwin Giovanny"]
[Result "1-0"]
[WhiteElo "1311"]
[BlackElo "1256"]
[PlyCount "35"]
[EventDate "2019.05.23"]
[EventType "swiss"]
[EventRounds "6"]
[EventCountry "COL"]
[SourceTitle "EXT 2024"]
[Source "ChessBase"]
[SourceDate "2023.10.10"]
[SourceVersion "1"]
[SourceVersionDate "2023.10.10"]
[SourceQuality "1"]

1. e4 d6 2. d4 Nf6 3. f3 Nbd7 4. Be3 e5 5. Nc3 Be7 6. Qd2 c6 7. 0-0-0 Qa5 8. Kb1 Qc7 9. g4 a5 10. h4 Nf8 11. d5 cxd5 12. g5 Nh5 13. Nxd5 Qc6 14. Bb5 Ne6 15. Bxc6+ bxc6 16. Nxe7 Kxe7 17. Qxd6+ Ke8 18. Qxc6+ 1-0

[Event "COL-ch U16 sf1"]
[Site "Duitama"]
[Date "2019.04.11"]
[Round "1.1"]
[White "Alvarez Angel, Nelson Eduardo"]
[Black "Campos Perilla, Sergio Felipe"]
[Result "1-0"]
[WhiteElo "1974"]
[BlackElo "1341"]
[PlyCount "149"]
[EventDate "2019.04.11"]
[EventType "swiss"]
[EventRounds "6"]
[EventCountry "COL"]
[SourceTitle "EXT 2024"]
[Source "ChessBase"]
[SourceDate "2023.10.10"]
[SourceVersion "1"]
[SourceVersionDate "2023.10.10"]
[SourceQuality "1"]

1. d4 Nf6 2. c4 e5 3. dxe5 Ng4 4. Bf4 Nc6 5. Nf3 Bb4+ 6. Nc3 Bxc3+ 7. bxc3 Qe7 8. Qd5 f6 9. e6 dxe6 10. Qh5+ g6 11. Qxg4 e5 12. Qg3 exf4 13. Qxf4 g5 14. Qd2 Bg4 15. Nd4 Ne5 16. e3 0-0-0 17. Qc2 c5 18. Nb3 Rd7 19. f3 Be6 20. Nd2 Rhd8 21. Rd1 Nxc4 22. Bxc4 Bxc4 23. Kf2 Bd3 24. Qa4 Bb5 25. Qc2 Bd3 26. Qb2 Bb5 27. Qc1 Rd3 28. Nb3 Qe5 29. c4 Ba4 30. Rxd3 Rxd3 31. Rd1 Qd6 32. Rxd3 Qxd3 33. Nxc5 Qd1 34. Qxd1 Bxd1 35. Ne4 g4 36. Nxf6 gxf3 37. gxf3 h6 38. h4 Bc2 39. h5 Bb1 40. Ng4 Bxa2 41. Nxh6 Bxc4 42. Ng4 Bf7 43. h6 Bg6 44. Nf6 Kd8 45. h7 Bxh7 46. Nxh7 a5 47. Ke2 a4 48. Kd2 b5 49. Kc3 a3 50. Kb3 b4 51. Nf6 Ke7 52. Nd5+ Ke6 53. Nxb4 Ke5 54. Kxa3 Kf5 55. Kb3 Kf6 56. Kc4 Ke5 57. f4+ Ke6 58. e4 Ke7 59. Kd5 Kf7 60. Kd6 Ke8 61. e5 Kf8 62. Kd7 Kf7 63. e6+ Kf6 64. e7 Kf5 65. e8Q Kxf4 66. Qe2 Kf5 67. Qe3 Kg4 68. Qf2 Kh3 69. Qg1 Kh4 70. Nd5 Kh5 71. Qg3 Kh6 72. Qg4 Kh7 73. Nf6+ Kh6 74. Ne8 Kh7 75. Qg7# 1-0

[Event "COL-ch"]
[Site "Bogota"]
[Date "2018.11.11"]
[Round "8"]
[White "Florez Caceres, Rafael Omar"]
[Black "Campos Perilla, Sergio Felipe"]
[Result "0-1"]
[WhiteElo "1514"]
[BlackElo "1265"]
[PlyCount "76"]
[EventDate "2018.11.06"]
[EventType "swiss"]
[EventRounds "9"]
[EventCountry "COL"]
[SourceTitle "CBM 187 Extra"]
[Source "ChessBase"]
[SourceDate "2018.11.04"]
[SourceVersion "1"]
[SourceVersionDate "2018.11.04"]
[SourceQuality "1"]

1. e4 e5 2. Nf3 Nc6 3. Bb5 a6 4. Ba4 Nf6 5. d3 Be7 6. c3 b5 7. Bc2 0-0 8. 0-0 d6 9. h3 Be6 10. Re1 Qd7 11. Ng5 h6 12. Nxe6 Qxe6 13. f4 Rad8 14. Qf3 Nh7 15. f5 Qd7 16. Qg3 Kh8 17. h4 Bf6 18. Kf2 Qe7 19. Rh1 Rg8 20. h5 Bg5 21. Nd2 d5 22. Nf3 Bxc1 23. Raxc1 Nf6 24. Qh4 dxe4 25. dxe4 Qc5+ 26. Kf1 Qc4+ 27. Kf2 Qc5+ 28. Kg3 Qe3 29. Rce1 Qc5 30. Kh3 Nh7 31. Bb3 Rgf8 32. g4 f6 33. Kg2 Rd3 34. Qf2 Qxf2+ 35. Kxf2 Rfd8 36. Ke2 Ng5 37. Nxg5 Rd2+ 38. Ke3 R8d3# 0-1

[Event "COL-ch"]
[Site "Bogota"]
[Date "2018.11.07"]
[Round "2"]
[White "Campos Perilla, Sergio Felipe"]
[Black "Polania Reyes, Fernando Alberto"]
[Result "0-1"]
[WhiteElo "1265"]
[BlackElo "1718"]
[PlyCount "82"]
[EventDate "2018.11.06"]
[EventType "swiss"]
[EventRounds "9"]
[EventCountry "COL"]
[SourceTitle "CBM 187 Extra"]
[Source "ChessBase"]
[SourceDate "2018.11.04"]
[SourceVersion "1"]
[SourceVersionDate "2018.11.04"]
[SourceQuality "1"]

1. e4 e5 2. Nf3 Nf6 3. Nc3 Nc6 4. d3 h6 5. Be2 Bc5 6. Nxe5 Bxf2+ 7. Kxf2 Nxe5 8. Rf1 d6 9. h3 b6 10. Kg1 Bb7 11. Bf3 Qd7 12. Bf4 0-0-0 13. Bh2 Kb8 14. Qe2 Rhe8 15. b4 d5 16. a4 a6 17. Rad1 d4 18. Na2 Qxa4 19. Ra1 Qb5 20. Qd2 Nfd7 21. Be2 f6 22. Kh1 Nc6 23. Bg1 Qg5 24. Qxg5 hxg5 25. Rfb1 b5 26. Bh5 Rh8 27. Bg4 Nde5 28. Bh2 Nxg4 29. hxg4 Rh4 30. g3 Rh6 31. Kg2 Ne5 32. Bg1 Nxg4 33. Rf1 Rdh8 34. Kf3 f5 35. Nc1 Nh2+ 36. Bxh2 Rxh2 37. Rf2 Rxf2+ 38. Kxf2 fxe4 39. dxe4 Bxe4 40. Ne2 d3 41. cxd3 Bxd3 0-1